000
00202nam a2200085Ia 4500
008
120527s9999 xx 000 0 und d
100
_a
VELACOTT & SIOLE
245
_a
Practice in human biology
942
_c
BK
999
_c
25776
_d
25776